| 000 | 01036nam a2200301 i 4500 | ||
|---|---|---|---|
| 001 | bg | ||
| 003 | BPK | ||
| 005 | 20211228124353.0 | ||
| 008 | s2003 pl f |000 0cpol | ||
| 020 | _a8373611886 | ||
| 040 | _cBPK | ||
| 041 | 0 | _apol | |
| 080 | _a62 | ||
| 080 | _a929-052(438)"19" | ||
| 245 | 0 | 0 |
_aZłota księga nauk technicznych 2003 ; _cPolski Instytut Biograficzny. |
| 260 |
_aGliwice : _b"Helion", _c2003. |
||
| 300 |
_a511 s. ; _c24 cm. |
||
| 504 | _aIndeks. | ||
| 650 | 4 |
_aTechnika _xbiografie _zPolska _y20 w. |
|
| 650 | 9 |
_aPracownicy naukowi _xbiografie _zPolska _y20 w. |
|
| 710 | 0 | _aPolski Instytut Biograficzny | |
| 700 | 1 |
_aSokołowska, Agnieszka _d(1970- ) _eRedakcja |
|
| 700 | 1 |
_aPikoń, Krystyna _eRedakcja |
|
| 700 | 1 |
_aPikoń, Krzysztof _d(1969- ) _eRedakcja |
|
| 942 |
_cKS _2udc |
||
| 856 |
_uhttp://koha.tu.koszalin.pl/cgi-bin/koha/opac-detail.pl?biblionumber=42816 _yKatalog online BPK |
||
| 999 |
_c42816 _d42816 |
||